Guess the Call Of Duty map based on the Tac-Map - Statistics

General Stats
  • This quiz has been taken 37 times
  • The average score is 6 of 16
Answer Stats
Picture Answer % Correct
Nuketown - BO6 (BO1 Original)
97%
Raid - BO2
78%
Rust - MW2
69%
Firing Range - BO1
66%
Piccadilly - MW19
44%
Redwood - BO3
44%
Babylon - BO6
41%
Miami - BOCW
41%
The Forge - BO7
34%
Grind - BO2
31%
Das Haus - MW3 (Vanguard Original)
25%
Gridlock - BO4
22%
Splash - BO3
19%
Micro - BO3
13%
Precinct - IW
9%
Sideshow - AW
9%
No matching quizzes found
Score Distribution
Percent of People with Each Score
Percentile by Number Answered
Your Score History
You have not taken this quiz